Stati del Comecon - Statistics

Statistiche generali
  • Questo quiz è stato fatto 4 volte
  • Il punteggio medio è 8 su 11
Statistiche sulle risposte
Continente Nazione % Corretto
Europa Bulgaria
100%
Europa Polonia
100%
Europa Romania
100%
Europa Albania
67%
Europa Cecoslovacchia
67%
America del Nord Cuba
67%
Europa Ungheria
67%
Asia / Europa Unione Sovietica
67%
Asia Vietnam
67%
Europa Germania Est
33%
Asia Mongolia
33%
Nessun quiz corrispondente trovato
Distribuzione punteggi
Percentuale di utenti per punteggio
Percentile per numero di risposta
I tuoi punteggi nel tempo
Non hai fatto questo quiz